000 00702nam a2200277Ia 4500
008 171120s9999 xx 000 0 und d
020 _a9.7807097187e+012
050 _a932.01
050 _bV172 2009
100 _aValiente, Francisca
245 _aAncient Egypt /
245 _cby Francisca Valiente and Ana Doblado.
260 _aEngland :
260 _bBrown Watson,
260 _c2009
300 _a29 pages :
300 _billustrations ;
300 _c28cm.
650 _aCivilization.
650 _aEgypt --
650 _aEgypt --
650 _xCivilization -- Juvenile literature.
650 _xSocial life and customs.
700 _aDoblado, Ana.
700 _aTitle.
999 _c345140
_d345140